000 00511nam a2200193Ia 4500
003 GCL
008 140319s9999 xx 000 0 ara d
040 _aGCL /
_cGCL
082 0 4 _a960.3
_bص ا
100 1 _aصلاح صبرى
245 1 0 _aافريقيا وراء الصحراء /
_cصلاح صبرى
300 _a395 ص
490 _aالالف كتاب
_v0
650 0 4 _aالعصر الحديث
650 0 4 _aتاريخ
650 0 4 _aافريقيا
650 0 4 _aالاستعمار
942 _2ddc
_cBK
999 _c42791
_d42791